000 00707cab a2200229 4500
001 WB3136-39
008 090401t1995 xxu||||| |||| 00| 0 eng d
035 _a(Sirsi) u74787
041 _aeng
245 _aRent fall continues
260 _c1995
350 _a0
490 _aFinancial Times
_v29 September 1995, 15(1)
520 _aOffice and industrial rents continue to fall, although the all-property return rate slightly rose in August 1995, according to the IPD Monthly Index.
650 _aALL-PROPERTY RETURN RATE
650 _aINDUSTRIAL RENTS
650 _aIPD MONTHLY INDEX
650 _aOFFICE RENTS
690 _aPROPERTY-LANDLORD AND TENANT
942 _n0
948 _c04/03/1997
999 _c47122
_d47122